MARC

LEADER 00000nam0a2200000 4500
001 272422
005 20231101234531.0
020 |a RU  |b 87-52135 
035 |a (RuTPU)RU\TPU\book\295628 
090 |a 272422 
100 |a 20141017d1987 k y0rusy5003 ca 
101 0 |a rus 
102 |a RU 
105 |a y z 001zy 
200 1 |a Семейство СУБД "Компас"  |f О. А. Полукеев [и др.]  |g Академия наук СССР (АН СССР), Вычислительный центр 
210 |a Москва  |c ВЦ АН СССР  |d 1987 
215 |a 65 с. 
225 1 |a Сообщения по программному обеспечению ЭВМ 
320 |a Библиогр. в конце кн. (6 назв.) 
606 1 |a Банк данных  |x Управление  |2 stltpush  |3 (RuTPU)RU\TPU\subj\28045  |9 51657 
610 1 |a программное обеспечение 
610 1 |a ЭВМ 
610 1 |a языки программирования 
675 |a 681.3.01  |z rus  |v 3 
701 1 |a Полукеев  |b О. А. 
701 1 |a Тихомиров  |b С. Е. 
701 1 |a Филиппов  |b В. И. 
701 1 |a Штокин  |b А. В. 
712 0 2 |a Академия наук СССР (АН СССР)  |b Вычислительный центр  |2 stltpush  |3 (RuTPU)RU\TPU\col\11481 
801 0 |a RU  |b RuMRKP  |c 19950417  |g psbo 
801 1 |a RU  |b 63413507  |c 20141017 
801 2 |a RU  |b 63413507  |c 20161227  |g RCR 
942 |c BK